000 00902pam a2200289 a 4500
001 3841808
003 OSt
005 20230620110838.0
008 871026s1988 mdub b 001 0 eng
010 _a 87031140
020 _a0801836492
020 _a0801836611 (pbk.)
040 _aDLC
_cDLC
_dDLC
043 _ad------
082 0 0 _a320.91
_bCAM
100 1 _aCammack, Paul A.
_q(Paul Anthony)
245 1 0 _aThird World politics :
_ba comparative introduction /
_cPaul Cammack, David Pool, and William Tordoff.
260 _aBaltimore :
_bJohn Hopkins University Press,
_c1988.
300 _axi, 308 p. :
_bmaps ;
_c22 cm.
500 _aIncludes index.
504 _aBibliography: p. 296-301.
651 0 _aDeveloping countries
_xPolitics and government.
700 1 _aPool, David.
700 1 _aTordoff, William.
906 _a7
_bcbc
_corignew
_d1
_eocip
_f19
_gy-gencatlg
942 _2ddc
_cBK
999 _c1620
_d1620